Biblioteca y Centro de Documentación

El desplazamiento temporal de trabajadores en el marco de una prestación de servicios transnacional (Registro nro. 31742)

Detalles MARC
000 -CABECERA
Longitud fija campo de control 00976naa a2200265 c 4500
001 - NÚMERO DE CONTROL
Número de control 31742
003 - IDENTIFICADOR DE NÚMERO DE CONTROL
Identificador del número de control ES-MaCES
005 - FECHA Y HORA DE LA ÚLTIMA TRANSACCIÓN
Fecha y hora de la última transacción 20000424173800.0
008 - CAMPO FIJO DE DESCRIPCIÓN FIJA--INFORMACIÓN GENERAL
Códigos de información de longitud fija   000424n2000 sp ||| | spa d
035 ## - NÚMERO DE CONTROL DEL SISTEMA
Número de control del sistema CES20000002686v
040 ## - FUENTE DE CATALOGACIÓN
Centro catalogador de origen ES-MaCES
Lengua de catalogación spa
Centro transcriptor ES-MaCES
100 1# - ENCABEZAMIENTO PRINCIPAL--NOMBRE PERSONAL
Nombre de persona Vicente Pachés, Fernando de
9 (RLIN) 25796
245 13 - MENCIÓN DE TÍTULO
Título El desplazamiento temporal de trabajadores en el marco de una prestación de servicios transnacional
Mención de responsabilidad, etc. por Fernando de Vicente Pachés
650 #4 - ASIENTO SECUNDARIO DE MATERIA--TÉRMINO DE MATERIA
Término de materia o nombre geográfico como elemento inicial legislación del trabajo
9 (RLIN) 27166
650 #4 - ASIENTO SECUNDARIO DE MATERIA--TÉRMINO DE MATERIA
Término de materia o nombre geográfico como elemento inicial movilidad de la mano de obra
9 (RLIN) 28354
650 #4 - ASIENTO SECUNDARIO DE MATERIA--TÉRMINO DE MATERIA
Término de materia o nombre geográfico como elemento inicial libre circulación
9 (RLIN) 29880
650 #4 - ASIENTO SECUNDARIO DE MATERIA--TÉRMINO DE MATERIA
Término de materia o nombre geográfico como elemento inicial trabajador temporal
9 (RLIN) 29204
650 #4 - ASIENTO SECUNDARIO DE MATERIA--TÉRMINO DE MATERIA
Término de materia o nombre geográfico como elemento inicial condiciones de trabajo
9 (RLIN) 28327
650 #4 - ASIENTO SECUNDARIO DE MATERIA--TÉRMINO DE MATERIA
Término de materia o nombre geográfico como elemento inicial contrato de trabajo
9 (RLIN) 28316
653 10 - TÉRMINO DE INDEXACIÓN--NO CONTROLADO
Término no controlado Empleo
773 0# - ENTRADA DE DOCUMENTO FUENTE
Título Tribuna social
Parte(s) relacionada(s) n. 110 (feb. 2000){10448 R. 035148}; p. 11-22
Número de control del registro relacionado (ES-MaCES)25455
Itemnumber del ítem fuente 59464
902 ## - CES. TIPO DE DOCUMENTO
Tipodoc (006$c Sirtex) ART Artículo de revista
942 ## - ELEMENTOS KOHA
Fuente de clasificaión o esquema Clasificación propia del CES
Koha [por defecto] tipo de item Artículos (1982-2017)
Parte de clasificación 2.1.

No hay ítems disponibles.

© CES, Consejo Económico y Social de España 2021